000 00435cam a22001217a 4500
008 180718b1962 xxu||||| |||| 00| 0 eng d
082 _aG2 In8
245 _aParliaments: a comparative study on the structure and functioning of representative institutions in forty-one countries
_cby Inter-Parliamentary Union
260 _aLondon
_bCassell
_c1962
300 _a321p.
650 _aLegislative bodies
700 _aInter-Parliamentary Union
999 _c370892
_d370892